| 000 | 00754cab a2200229 4500 | ||
|---|---|---|---|
| 001 | ABS43547 | ||
| 008 | 090401t1990 xxu||||| |||| 00| 0 eng d | ||
| 035 | _a(Sirsi) u42303 | ||
| 041 | _aeng | ||
| 100 | _aOxanne, J. | ||
| 245 | _aParis | ||
| 260 | _c1990 | ||
| 350 | _a0 | ||
| 490 |
_aEstates Times _v(1065) 21 September 1990 16-18 |
||
| 520 | _aSeries of articles on the Paris property market covering the latest deals, British influence, developers active there, a source of investment finance Societe Civile de Placement Immobilier (SCPIs) and foreign investment there. | ||
| 650 | _aCOMMISSION DES OPERATIONS DE BOURSE | ||
| 650 | _aFRANCE | ||
| 690 | _aOVERSEAS-EUROPE | ||
| 700 | _aRobinson, D. | ||
| 942 | _n0 | ||
| 948 | _c04/03/1997 | ||
| 999 |
_c27155 _d27155 |
||